| 000 | 00843nam a2200205 i 4500 | ||
|---|---|---|---|
| 001 | 150922 | ||
| 003 | ES-MaACL | ||
| 005 | 20250902094506.0 | ||
| 007 | t| | ||
| 008 | 071120s1885 sp ||||1| spa d | ||
| 110 | 2 |
_aReal Sociedad Económica de Amigos del País de Santiago de Compostela _96387 |
|
| 245 | 1 | 0 |
_aInforme sobre la conveniencia de embarcar sal para atender a la conservación del pescado cogido en la mar en sus relaciones con la industria pesquera y con la de salazón / _cSociedad Económica de Amigos del País de Santiago |
| 260 |
_aSantiago : _b[s.n.], _c1885 ( _fTip. de la Gaceta de Felipe de la Torre) |
||
| 300 |
_a34 p. ; _c19 cm |
||
| 650 | 4 |
_aPescado- _xConservación. _9136689 |
|
| 650 | 7 |
_aIndustria conservera _9163157 |
|
| 852 |
_aES-MaACL _jT-418-F-18 |
||
| 942 | _2udc | ||
| 999 |
_c150922 _d150922 |
||